El personaje misterioso #6 - Estadísticas

Estadísticas generales
  • Esta prueba ha sido intentada 70 veces
  • La puntuación promedio es 5 de 7
Estadísticas de respuestas
Hint Respuesta % Correcto
Quedó semiparalítico después de un ______________ Quedó semiparalítico después de un accidente de coche y se truncó su carrera como futbolista. Afortunadamente, logró recuperarse por completo.
95%
Su nombre empieza por ____ J
90%
Tiene ______ hijos Tiene ocho hijos legítimos y un hijo ilegítimo (Javier Santos)
89%
Nació en Madrid, pero su padre era de ___________ (ciudad española, empieza por o) Ourense
65%
En 2001 terminó sus estudios en __________ (carrera que empieza por d) Derecho
58%
Aprendió inglés en _________ (ciudad que empieza por C) Cambridge. Además de aprender inglés, tuvo tiempo de enamorarse de Gwendolyne Bollore
50%
NOMBRE Julio Iglesias
48%
No se encontraron pruebas coincidentes
Distribución de puntuación
Porcentaje de gente con cada puntuación
Porcentaje por número respondido
Historial de tus puntuaciones
No has intentado esta prueba.